000 00198nam a2200085 4500
082 _aTAH
100 _aTahir Hussain
245 _aHigher Education and Employment Opportunities in Pakistan
942 _cBK
999 _c10440
_d10440